000 00614nam a2200181 4500
001 110305
003 ES-MaACL
005 20250630235327.0
007 t|
008 061121s1974 sp r ||||1| spa d
245 0 0 _aOrdenanzas del Consejo de Gran Canaria (1531) /
_ctranscripción y estudios por Francisco Morales Padrón.
260 _aLas Palmas :
_bCabildo Insular de Gran Canaria,
_c1974.
300 _a158 p. ;
_c24 cm.
700 1 _aMorales Padrón, Francisco,
_d1924-2010
_983066
710 1 _aGran Canaria.
_bCabildo Insular.
_92264
852 _aES-MaACL
_jE-7611
_bR.92002
999 _c110305
_d110305